Entry Nombre personal
001 - NÚMERO DE CONTROL
- campo de control: 234427
003 - IDENTIFICADOR DE NÚMERO DE CONTROL
- campo de control: SpMaBN
005 - FECHA Y HORA DE LA ÚLTIMA TRANSACCIÓN
- campo de control: 20231030205049.0
008 - ELEMENTOS DE DATO DE LONGITUD-FIJA
- campo de control de longitud fija: 940616n| aijnnaabn |n aaa
016 ## - NÚMERO DE CONTROL DE UNA AGENCIA BIBLIOGRÁFICA NACIONAL
- Número de control del registro: BNE19942368942
024 7# - IDENTIFICADOR DE OTROS ESTÁNDARES
- Número estándar o código: http://viaf.org/viaf/79112776/
- Fuente: viaf
024 7# - IDENTIFICADOR DE OTROS ESTÁNDARES
- Número estándar o código: https://isni.org/isni/0000000088384168
- Fuente: isni
024 7# - IDENTIFICADOR DE OTROS ESTÁNDARES
- Número estándar o código: http://www.wikidata.org/entity/Q330028
- Fuente: wikidata
040 ## - FUENTE DE CATALOGACIÓN
- Centro catalogador/agencia de origen: SpMaBN
- Lengua de catalogación: spa
- Centro/agencia transcriptor: SpMaBN
- Normas de descripción: rdc
- Convención/Normas de encabezamiento de materia/tesauro: embne
100 1# - ENCABEZAMIENTO-NOMBRE DE PERSONA
- Nombre de persona: Rodríguez Iglesias, Gil Carlos,
- Fechas asociadas al nombre: 1946-2019
370 ## - LUGAR ASOCIADO
- Lugar de nacimiento: España, Asturias (Comunidad Autónoma), Gijón
370 ## - LUGAR ASOCIADO
- Lugar de fallecimiento: España, Madrid (Comunidad Autónoma), Madrid
372 ## - CAMPO DE ACTIVIDAD
- Campo de actividad: Derecho internacional público
- Fuente del término: embne
373 ## - GRUPO ASOCIADO
- Grupo asociado: Real Instituto Elcano
- Grupo asociado: Tribunal de Justicia de las Comunidades Europeas
- Grupo asociado: Universidad Complutense de Madrid
374 ## - OCUPACIÓN
- Ocupación: Catedráticos de universidad
- Ocupación: Jueces
- Ocupación: Funcionarios comunitarios
375 ## - GÉNERO/SEXO
- Género: Masculino
377 ## - IDIOMA ASOCIADO
- Término de lengua/lenguaje: Alemán
- Término de lengua/lenguaje: Francés
- Término de lengua/lenguaje: Inglés
- Término de lengua/lenguaje: Español
670 ## - FUENTE DE DATOS ENCONTRADOS
- Cita de la fuente: El derecho comunitario europeo y su aplicación judicial, 1993
- Información encontrada: port. (dirigido por Gil Carlos Rodríguez Iglesias ...)
670 ## - FUENTE DE DATOS ENCONTRADOS
- Cita de la fuente: WWW Diccionario Biográfico RAH, 23-4-2020
- Información encontrada: (Gil Carlos Rodríguez Iglesias; Gijón (Asturias), 26.V.1946 – Madrid, 17.I.2019. Catedrático de Derecho Internacional Público, director del Real Instituto Elcano y ex presidente del Tribunal de Justicia de las Comunidades Europeas. Catedrático de Derecho Internacional Público en la Universidad Complutense de Madrid, titular de la Cátedra Jean-Monnet de Derecho Comunitario en esta misma Universidad)
- Identificador Uniforme de Recursos: http://dbe.rah.es/biografias/54627/gil-carlos-rodriguez-iglesi as
856 4# - LOCALIZACIÓN Y ACCESO ELECTRÓNICOS
- Identificador Uniforme de Recursos: http://dialnet.unirioja.es/servlet/autor?codigo=72707
